David Copperfield

Đã lưu trong:
Sonraí Bibleagrafaíochta
Príomhúdar: Charles Dickens
Formáid: Leabhar
Teanga:Undetermined
Foilsithe: H. Văn Học 1996
Ábhair:
Clibeanna: Cuir Clib Leis
Gan Chlibeanna, Bí ar an gcéad duine leis an taifead seo a chlibeáil!
Thư viện lưu trữ: Trung tâm Học liệu Trường Đại học Cần Thơ
LEADER 00489nam a2200181Ia 4500
001 CTU_53271
008 210402s9999 xx 000 0 und d
020 |b 10000 
082 |a 823.8 
082 |b D548 
100 |a Charles Dickens 
245 0 |a David Copperfield 
245 0 |c Charles Dickens; Văn Hòa biên dịch 
260 |a H. 
260 |b Văn Học 
260 |c 1996 
650 |a english fiction ( vietnamese ) 
980 |a Trung tâm Học liệu Trường Đại học Cần Thơ